| 000 | 00000nam##2200000za#4500 |
| 001 | 9.601430 |
| 003 | CaOODSP |
| 005 | 20210624210053 |
| 007 | cr ||||||||||| |
| 008 | 150406|2007||||xxc|||||o f|0| 0 fre|d |
| 022 | |a1919-5117 |
| 040 | |aCaOODSP|bfre |
| 043 | |an-cn--- |
| 086 | 1 |aFs70-6/2007-053F-PDF |
| 110 | 1 |aCanada. |bMinistère des pêches et des océans. |bRégion du Centre et de l'Arctique. |
| 245 | 10|aÉvaluation des stocks de baleines boréales de l'est de l'Arctique (Balaena mysticetus) |h[ressource électronique] |
| 260 | |aWinnipeg - Manitoba : |bPêches et Océans Canada. |cOctobre 2008. |
| 300 | |a11p.|bfigure, ill., carte, références, tableaux |
| 490 | 1 |aSecrétariat canadien de consultation scientifique, avis scientifique |x1919-5117|v2007/053, Région du Centre et de l'Arctique |
| 590 | |a11-20-Supp|b2011-09-29 |
| 775 | 08|tAssessment of eastern Arctic bowhead whales (Balaena mysticetus) |w(CaOODSP)9.570783 |
| 830 | #0|aAvis scientifique (Secrétariat canadien de consultation scientifique)|x1919-5117|v2007/053, Région du Centre et de l'Arctique|w(CaOODSP)9.502624 |
| 856 | 40|ahttp://publications.gc.ca|qPDF|s207 Ko|uhttps://publications.gc.ca/collections/collection_2011/mpo-dfo/Fs70-6-2007-053-fra.pdf|y2007/053, Région du Centre et de l'Arctique |